000 nam a22 7a 4500
999 _c15967
_d15967
008 161107b xxu||||| |||| 00| 0 eng d
020 _a9780073535876
020 _a0073535877
050 _aBD 21 .L36 2010
100 _aLawhead, William F.
245 _aThe philosophical journey :
_ban interactive approach/
_cWilliam F. Lawhead
250 _a5th ed.
260 _aNew York, NY :
_bMcGraw-Hill,
_c©2009.
300 _ax, 664p. :
_bill. ;
500 _aIncludes index.
650 _aPhilosophy
_xIntroductions.
942 _2lcc
_cBOOKS
_hBD 21 .L36 2010
_013